Indochina Through Texts /

Sách tập trung giới thiệu các phong cảnh du lịch nổi tiếng ở Việt Nam nói riêng và Đông Dương nói chung.

Đã lưu trong:
Sonraí Bibleagrafaíochta
Príomhúdar: Triaire, Marguerite.
Formáid: Leabhar
Teanga:English
Foilsithe: Hà Nội : Thế giới, 2000.
Ábhair:
Clibeanna: Cuir Clib Leis
Gan Chlibeanna, Bí ar an gcéad duine leis an taifead seo a chlibeáil!
Thư viện lưu trữ: Mạng thư viện Đại học Đà Nẵng
LEADER 00924cam a2200325 i 4500
001 000046513
003 6011
005 20030916100702.0
008 010307b2000 vm 000 eng
040 |a IRC  |c IRC  |d IRC 
041 0 |a eng 
082 1 4 |a 915.97  |b TR-M 
100 1 |a Triaire, Marguerite. 
245 0 0 |a Indochina Through Texts /  |c Marguerite Triaire. 
260 |a Hà Nội :  |b Thế giới,  |c 2000. 
300 |a 202tr. ;  |c 21cm. 
520 3 |a Sách tập trung giới thiệu các phong cảnh du lịch nổi tiếng ở Việt Nam nói riêng và Đông Dương nói chung. 
630 0 4 |a Du hành. 
630 0 4 |a Đông Dương. 
650 0 4 |a Du hành  |z Đông Dương. 
OWN |a DUT 
999 |a From the UDN01 
TYP |a Monograph 
TYP |a Printed language 
980 |a Mạng thư viện Đại học Đà Nẵng